Normal view MARC view

Entry Nombre personal

Number of records used in: 4

001 - NÚMERO DE CONTROL

  • campo de control: 204399

003 - IDENTIFICADOR DE NÚMERO DE CONTROL

  • campo de control: SpMaBN

005 - FECHA Y HORA DE LA ÚLTIMA TRANSACCIÓN

  • campo de control: 20230627133954.0

008 - ELEMENTOS DE DATO DE LONGITUD-FIJA

  • campo de control de longitud fija: 960922nn ainnnaabn n aaa

010 ## - NÚMERO DE CONTROL DE LA BIBLIOTECA DEL CONGRESO

  • Número de control de LC: XX1401085

016 ## - NÚMERO DE CONTROL DE UNA AGENCIA BIBLIOGRÁFICA NACIONAL

  • Número de control del registro: BNE19999190199

024 7# - IDENTIFICADOR DE OTROS ESTÁNDARES

  • Número estándar o código: http://www.wikidata.org/entity/Q73281812
  • Fuente: wikidata

024 7# - IDENTIFICADOR DE OTROS ESTÁNDARES

  • Número estándar o código: http://viaf.org/viaf/9147370716141442338/
  • Fuente: viaf

040 ## - FUENTE DE CATALOGACIÓN

  • Centro catalogador/agencia de origen: SpMaBN
  • Lengua de catalogación: spa
  • Centro/agencia transcriptor: SpMaBN
  • Normas de descripción: rdc
  • Convención/Normas de encabezamiento de materia/tesauro: embne

046 ## - FECHAS CON CODIFICACIÓN ESPECIAL

  • Fecha de nacimiento: 1854
  • Fecha de la muerte: 1937

100 1# - ENCABEZAMIENTO-NOMBRE DE PERSONA

  • Nombre de persona: Piñerúa Álvarez, Eugenio,
  • Fechas asociadas al nombre: 1854-1937

373 ## - GRUPO ASOCIADO

  • Grupo asociado: Ateneo de Madrid
  • Fuente de información: Lista de los socios del Ateneo 1914; Ateneístas ilustres II (2007)

375 ## - GÉNERO/SEXO

  • Género: Masculino

670 ## - FUENTE DE DATOS ENCONTRADOS

  • Cita de la fuente: Fraga Vázquez, Xosé A. ([2013], “Eugenio Piñerúa Álvarez”, en Álbum da Ciencia. Culturagalega.org. Consello da Cultura Galega, 20-7-2016
  • Información encontrada: (Eugenio Piñerúa Álvarez: n. en 1854 en Toro (Zamora) y m. en 1937 en Madrid; químico)
  • Identificador Uniforme de Recursos: http://www.culturagalega.org/albumdaciencia/detalle.php?id=436 &autor=Eugenio Piñerúa Álvarez

670 ## - FUENTE DE DATOS ENCONTRADOS

  • Cita de la fuente: WWW BN España aut., 23/06/2023
  • Información encontrada: (Piñerúa Álvarez, Eugenio, 1854-1937)

678 ## - DATOS BIOGRÁFICOS O HISTÓRICOS

  • Datos biográficos o históricos: Socio del Ateneo de Madrid n. 6987
  • Ampliación de la nota: Fuentes: Lista de los socios del Ateneo 1914; Ateneístas ilustres II (2007)